| 000 | 00894cam a2200277 4500 | ||
|---|---|---|---|
| 001 | M1856 | ||
| 008 | 090401t1995 xxu||||| |||| 00| 0 eng d | ||
| 035 | _a(Sirsi) u34909 | ||
| 041 | _aeng | ||
| 050 | _a344.410465 | ||
| 090 | _aRICS 1995/51ABC | ||
| 110 |
_aRoyal Institution of Chartered Surveyors _94900 |
||
| 245 | _aConstruction design and management: attention all surveyors - whatever your specialism. | ||
| 260 |
_aLondon _bRICS _c1995 |
||
| 300 | _a(4)p. ; 30cm. | ||
| 350 | _a0 | ||
| 520 | _aRICS supplement outlining the CDM Regulations. | ||
| 650 | _aCONSTRUCTION (DESIGN AND MANAGEMENT) REGULATIONS 1994 | ||
| 650 | _aCONDAM REGULATIONS | ||
| 650 | _aCONSTRUCTION (DESIGN AND MANAGEMENT) REGULATIONS 1994 | ||
| 650 |
_aHEALTH AND SAFETY _96244 |
||
| 650 | _aRISK ASSESSMENT | ||
| 690 | _aBUILT ENVIRONMENT-BUILDING STANDARDS | ||
| 942 | _n0 | ||
| 948 | _c04/03/1997 | ||
| 999 |
_c90005 _d90005 |
||